000 00437cam a22001217a 4500
008 180718b-- xxu||||| |||| 00| 0 eng d
082 _aL906x5444 C/F/G
100 _aPrincipal Accountant General (Civil and Commercial Audit)
245 _aState finances at a glance, Karnataka
260 _aBangalore
_bPrincipal Accountant General (Civil and Commercial Audit)
_c--
500 _aLibrary has 2010/11
650 _aAuditing - India - Karnataka
999 _c475525
_d475525